[Event "RUS-chT1 (Women)"]
[Site "Sochi"]
[Date "2004.04.27"]
[Round "8.1"]
[White "Dorofeeva, Anna"]
[Black "Kovalevskaya, Ekaterina"]
[Result "1-0"]
[WhiteElo "2276"]
[BlackElo "2467"]
[PlyCount "91"]
[EventDate "2004.04.20"]
[EventType "team-tourn"]
[EventRounds "9"]
[EventCountry "RUS"]
[SourceTitle "CBM 100 Extra"]
[Source "ChessBase"]
[SourceDate "2004.07.06"]
[SourceVersion "2"]
[SourceVersionDate "2004.07.06"]
[SourceQuality "1"]
[WhiteTeam "07"]
[BlackTeam "04"]
[WhiteTeamCountry "RUS"]
[BlackTeamCountry "RUS"]

1. d4 d5 2. c4 c6 3. Nf3 Nf6 4. cxd5 cxd5 5. Nc3 Nc6 6. Bf4 Ne4 7. e3 Nxc3 8. bxc3 g6 9. Be2 Bg7 10. c4 0-0 11. 0-0 Bf5 12. cxd5 Qxd5 13. Qa4 a6 14. Rfc1 Rac8 15. Rd1 Na7 16. Rac1 Be6 17. Rb1 Bd7 18. Qb4 Bb5 19. Bxb5 Nxb5 20. Rb2 e6 21. h3 Rc4 22. Qe7 Nc3 23. Rdd2 b5 24. Ne5 Rcc8 25. Rbc2 Qd8 26. Qb7 Qd5 27. Qxa6 f6 28. Nd3 Ra8 29. Qb6 Ne4 30. Nb4 Qd7 31. Rc7 Qxc7 32. Bxc7 Nxd2 33. Qxe6+ Kh8 34. d5 Nc4 35. Qd7 Rac8 36. d6 Nxd6 37. Qxd6 Rf7 38. Nd5 Rff8 39. Nb6 Rce8 40. Qc6 f5 41. Qxb5 Re4 42. a4 g5 43. Nd7 Ra8 44. a5 f4 45. Qf5 Re7 46. Nf6 1-0

[Event "RUS-chT1 (Women)"]
[Site "Sochi"]
[Date "2004.04.22"]
[Round "3.1"]
[White "Kineva, Ekaterina"]
[Black "Dorofeeva, Anna"]
[Result "1/2-1/2"]
[WhiteElo "2146"]
[BlackElo "2276"]
[PlyCount "51"]
[EventDate "2004.04.20"]
[EventType "team-tourn"]
[EventRounds "9"]
[EventCountry "RUS"]
[SourceTitle "CBM 100 Extra"]
[Source "ChessBase"]
[SourceDate "2004.07.06"]
[SourceVersion "2"]
[SourceVersionDate "2004.07.06"]
[SourceQuality "1"]
[WhiteTeam "09"]
[BlackTeam "07"]
[WhiteTeamCountry "RUS"]
[BlackTeamCountry "RUS"]

1. e4 c6 2. d4 d5 3. Nd2 dxe4 4. Nxe4 Bf5 5. Ng3 Bg6 6. h4 h6 7. Nf3 Nd7 8. h5 Bh7 9. Bd3 Bxd3 10. Qxd3 Ngf6 11. Bf4 e6 12. c3 Be7 13. 0-0 0-0 14. Rfe1 c5 15. Rad1 cxd4 16. Nxd4 Nd5 17. Ndf5 Nxf4 18. Nxe7+ Qxe7 19. Qxd7 Qg5 20. Qxb7 Rab8 21. Qf3 Rxb2 22. Ne4 Qf5 23. Nd6 Qg5 24. Ne4 Qf5 25. Nd6 Qg5 26. Ne4 1/2-1/2

[Event "RUS-chT1 (Women)"]
[Site "Sochi"]
[Date "2004.04.21"]
[Round "2.1"]
[White "Dorofeeva, Anna"]
[Black "Mashinskaya, Iulia"]
[Result "1-0"]
[WhiteElo "2276"]
[BlackElo "2253"]
[PlyCount "150"]
[EventDate "2004.04.20"]
[EventType "team-tourn"]
[EventRounds "9"]
[EventCountry "RUS"]
[SourceTitle "CBM 100 Extra"]
[Source "ChessBase"]
[SourceDate "2004.07.06"]
[SourceVersion "2"]
[SourceVersionDate "2004.07.06"]
[SourceQuality "1"]
[WhiteTeam "07"]
[BlackTeam "08"]
[WhiteTeamCountry "RUS"]
[BlackTeamCountry "RUS"]

1. e4 c5 2. Nf3 Nc6 3. Bb5 g6 4. 0-0 Bg7 5. c3 e5 6. d4 cxd4 7. cxd4 exd4 8. Bf4 Nge7 9. Bd6 0-0 10. Nbd2 b6 11. Nb3 Bb7 12. Re1 Rc8 13. Qd3 a5 14. Nbxd4 Nxd4 15. Nxd4 Re8 16. Bc4 Nc6 17. Nf3 Ne5 18. Bxe5 Bxe5 19. Qb3 Qf6 20. Rad1 Rc7 21. Bd5 Ba6 22. Nxe5 Rxe5 23. Re3 Re7 24. Rf3 Qe5 25. Rxf7 Rxf7 26. Bxf7+ Kg7 27. Bg8 Qe8 28. Bd5 b5 29. Qg3 Rc2 30. Bb3 Rc6 31. Qd3 d6 32. Qd4+ Kh6 33. Qd2+ Kg7 34. Bd5 Rc5 35. Qxa5 Bc8 36. Qd2 Qe5 37. h3 Bd7 38. b4 Rc7 39. Bb3 Rc6 40. Qd4 Qxd4 41. Rxd4 Be8 42. f3 Kf6 43. Kf2 Ke7 44. Rd2 Bf7 45. Bxf7 Kxf7 46. Ke3 Ke6 47. Rd5 Ra6 48. Rxb5 Rxa2 49. g3 Rb2 50. Kf4 h6 51. Rb6 g5+ 52. Kg4 Ke5 53. Rb8 Kf6 54. h4 gxh4 55. Kxh4 Rh2+ 56. Kg4 h5+ 57. Kf4 h4 58. g4 Rb2 59. Rh8 Rxb4 60. Rxh4 d5 61. g5+ Kg6 62. Rh6+ Kg7 63. Re6 Kf7 64. Kf5 Rb3 65. f4 dxe4 66. Rxe4 Rb5+ 67. Re5 Rb4 68. g6+ Kg7 69. Re7+ Kf8 70. Rf7+ Kg8 71. Kg5 Rb5+ 72. f5 Rb1 73. Rd7 Rb8 74. f6 Rf8 75. Rg7+ Kh8 1-0

[Event "RUS-ch 1L (Women) 54th"]
[Site "Sochi"]
[Date "2004.??.??"]
[Round "6"]
[White "Bronnikova, Elizaveta"]
[Black "Dorofeeva, Anna"]
[Result "1/2-1/2"]
[WhiteElo "2259"]
[BlackElo "2276"]
[PlyCount "94"]
[EventDate "2004.05.13"]
[EventType "swiss"]
[EventRounds "9"]
[EventCountry "RUS"]
[SourceTitle "CBM 100 Extra"]
[Source "ChessBase"]
[SourceDate "2004.07.06"]
[SourceVersion "2"]
[SourceVersionDate "2004.07.06"]
[SourceQuality "1"]

1. e4 c6 2. d4 d5 3. Nd2 dxe4 4. Nxe4 Bf5 5. Ng3 Bg6 6. Nf3 Nd7 7. Bd3 Bxd3 8. Qxd3 Ngf6 9. Bd2 e6 10. 0-0-0 Be7 11. Kb1 0-0 12. Rhe1 c5 13. Bg5 Rc8 14. d5 exd5 15. Nf5 Re8 16. Nxe7+ Rxe7 17. Rxe7 Qxe7 18. Qxd5 Nxd5 19. Bxe7 N7b6 20. Bg5 f6 21. Bc1 Rd8 22. Rd3 Re8 23. c3 Kf7 24. Kc2 Re4 25. b3 g5 26. Bxg5 Rg4 27. Bh4 Nf4 28. Rd8 Rxg2 29. Rb8 Nh3 30. Rxb7+ Kg8 31. c4 Rg7 32. Rb8+ Kf7 33. a4 Ke6 34. a5 Nd7 35. Rb7 Nxf2 36. Rxa7 Ne4 37. Be1 Rg2+ 38. Kd3 Nd6 39. b4 Rg4 40. a6 Nxc4 41. Rb7 Nd6 42. a7 Rg8 43. Rc7 Nb5 44. Rb7 Nd6 45. Rb8 Rxb8 46. axb8Q Nxb8 47. bxc5 Nf5 1/2-1/2

[Event "RUS-ch 1L (Women) 54th"]
[Site "Sochi"]
[Date "2004.??.??"]
[Round "1"]
[White "Dorofeeva, Anna"]
[Black "Korbut, Ekaterina"]
[Result "1/2-1/2"]
[WhiteElo "2276"]
[BlackElo "2338"]
[PlyCount "79"]
[EventDate "2004.05.13"]
[EventType "swiss"]
[EventRounds "9"]
[EventCountry "RUS"]
[SourceTitle "CBM 100 Extra"]
[Source "ChessBase"]
[SourceDate "2004.07.06"]
[SourceVersion "2"]
[SourceVersionDate "2004.07.06"]
[SourceQuality "1"]

1. d4 d5 2. c4 dxc4 3. Nf3 Nf6 4. e3 a6 5. Bxc4 e6 6. 0-0 c5 7. Qe2 b5 8. Bd3 cxd4 9. Nxd4 Bb7 10. a3 e5 11. Nf5 g6 12. Ng3 e4 13. Bc2 Bd6 14. Nd2 Qe7 15. b4 Nbd7 16. Bb2 Rd8 17. Rfd1 Be5 18. Bxe5 Qxe5 19. a4 h5 20. axb5 axb5 21. Ra5 Qb2 22. Nb3 h4 23. Nf1 Rh5 24. Rb1 Qc3 25. Nd4 Qc8 26. Bb3 Ne5 27. Qxb5+ Nfd7 28. Qe2 Kf8 29. Ra2 Rg5 30. Rc2 Qb8 31. Kh1 Nd3 32. b5 Nf6 33. h3 Rxd4 34. exd4 Rxb5 35. Rc5 Rb4 36. Rc4 Bd5 37. Rxb4 Qxb4 38. Bc2 Qxd4 39. Ne3 Bc6 40. Kg1 1/2-1/2

[Event "RUS-ch 1L (Women) 54th"]
[Site "Sochi"]
[Date "2004.??.??"]
[Round "3"]
[White "Dorofeeva, Anna"]
[Black "Rakitskaja, Mariya"]
[Result "1-0"]
[WhiteElo "2276"]
[BlackElo "2179"]
[PlyCount "139"]
[EventDate "2004.05.13"]
[EventType "swiss"]
[EventRounds "9"]
[EventCountry "RUS"]
[SourceTitle "CBM 100 Extra"]
[Source "ChessBase"]
[SourceDate "2004.07.06"]
[SourceVersion "2"]
[SourceVersionDate "2004.07.06"]
[SourceQuality "1"]

1. e4 e5 2. Nf3 Nf6 3. Nxe5 d6 4. Nf3 Nxe4 5. Bd3 d5 6. Qe2 Qe7 7. 0-0 Nc5 8. Re1 Qxe2 9. Bxe2 Be7 10. d4 Ne4 11. Bd3 Nd6 12. Nc3 Be6 13. Ng5 Kd7 14. Ne2 Bxg5 15. Bxg5 f6 16. Bd2 Nc6 17. c3 Rae8 18. Ng3 Nc4 19. Bc1 Bg4 20. Rxe8 Rxe8 21. f3 Be6 22. Bxh7 g5 23. Bd3 b5 24. b3 Nd6 25. Bd2 b4 26. Nh5 Rf8 27. Re1 bxc3 28. Bxc3 Bf5 29. Bf1 Bg6 30. Ng3 Rh8 31. Rd1 Bc2 32. Rd2 Bg6 33. Nh1 f5 34. Nf2 Re8 35. Nd3 Re3 36. Bb2 Nf7 37. Nc5+ Kd8 38. Bb5 Nb4 39. a3 Nd6 40. Ba4 Na2 41. Bc6 Bf7 42. Kf2 f4 43. Nd3 Nf5 44. Ba1 Ne7 45. Ne5 Rxe5 46. dxe5 Nxc6 47. Rxa2 Kd7 48. Rd2 Ke6 49. b4 Bg6 50. g3 a6 51. Bc3 Na7 52. gxf4 Nb5 53. Bb2 gxf4 54. Rd1 c6 55. Rc1 Be8 56. Rg1 d4 57. Rd1 Kd5 58. a4 Nc7 59. Rxd4+ Ke6 60. Rxf4 Nd5 61. Rh4 Bg6 62. Rc4 Be8 63. a5 Kf5 64. Kg3 Bd7 65. h4 Kg6 66. Bc1 Ne7 67. Bg5 Be6 68. Rc1 Nf5+ 69. Kf4 Bd5 70. h5+ 1-0

[Event "RUS-ch 1L (Women) 54th"]
[Site "Sochi"]
[Date "2004.??.??"]
[Round "7"]
[White "Lomako, Anna"]
[Black "Dorofeeva, Anna"]
[Result "1-0"]
[WhiteElo "2193"]
[BlackElo "2276"]
[PlyCount "73"]
[EventDate "2004.05.13"]
[EventType "swiss"]
[EventRounds "9"]
[EventCountry "RUS"]
[SourceTitle "CBM 100 Extra"]
[Source "ChessBase"]
[SourceDate "2004.07.06"]
[SourceVersion "2"]
[SourceVersionDate "2004.07.06"]
[SourceQuality "1"]

1. e4 c6 2. d4 d5 3. exd5 Qxd5 4. Nc3 Qa5 5. Nf3 Nf6 6. Bc4 Bg4 7. h3 Bh5 8. g4 Bg6 9. Bd2 Nbd7 10. Qe2 Qc7 11. 0-0-0 Nb6 12. Bb3 0-0-0 13. h4 h5 14. Ne5 Nxg4 15. Nxg6 fxg6 16. Be6+ Nd7 17. Bxg4 hxg4 18. Qxg4 e5 19. Bg5 Re8 20. dxe5 Rxe5 21. Bf4 Bd6 22. Bxe5 Bxe5 23. Rd3 Re8 24. Rhd1 Re7 25. Kb1 b6 26. Ne4 a5 27. Nd6+ Kb8 28. Ne8 Rxe8 29. Qxd7 Qxd7 30. Rxd7 Bf6 31. c3 Bxh4 32. Rf7 b5 33. f3 Bf6 34. Rd6 Re1+ 35. Kc2 Re2+ 36. Kd3 Rxb2 37. Rxc6 1-0

[Event "RUS-Cup 300 years (Women)"]
[Site "St Petersburg"]
[Date "2003.10.21"]
[Round "4"]
[White "Dorofeeva, Anna"]
[Black "Zaitseva, Ludmila G"]
[Result "1/2-1/2"]
[WhiteElo "2292"]
[BlackElo "2335"]
[PlyCount "29"]
[EventDate "2003.10.18"]
[EventType "swiss"]
[EventRounds "9"]
[EventCountry "RUS"]
[SourceTitle "EXT 2004"]
[Source "ChessBase"]
[SourceDate "2003.11.25"]
[SourceVersion "1"]
[SourceVersionDate "2003.11.25"]
[SourceQuality "1"]

1. d4 e6 2. c4 f5 3. Nf3 Nf6 4. Nc3 d5 5. Bf4 c6 6. e3 Be7 7. h3 Ne4 8. Qc2 Nd7 9. Nxe4 fxe4 10. Nd2 0-0 11. Be2 Bg5 12. Bd6 Rf7 13. 0-0 Nf8 14. Bg3 Bd7 15. Qc3 1/2-1/2

[Event "RUS-ch (Women)"]
[Site "Elista"]
[Date "2003.05.28"]
[Round "9"]
[White "Ovod, Evgenija"]
[Black "Dorofeeva, Anna"]
[Result "0-1"]
[WhiteElo "2296"]
[BlackElo "2272"]
[PlyCount "102"]
[EventDate "2003.05.18"]
[EventType "swiss"]
[EventRounds "9"]
[EventCountry "RUS"]
[SourceTitle "CBM 094 Extra"]
[Source "ChessBase"]
[SourceDate "2003.07.09"]
[SourceVersion "2"]
[SourceVersionDate "2003.07.09"]
[SourceQuality "1"]

1. d4 d5 2. c4 c6 3. Nf3 Nf6 4. Nc3 dxc4 5. a4 Bf5 6. e3 e6 7. Bxc4 Bb4 8. 0-0 Nbd7 9. Nh4 0-0 10. f3 Bg6 11. Nxg6 hxg6 12. e4 e5 13. Be3 Qa5 14. Ne2 Rad8 15. Qb3 exd4 16. Nxd4 Bc5 17. Rfd1 Ne5 18. Be2 Rd7 19. Qc3 Bb4 20. Qc2 Rfd8 21. Nb3 Rxd1+ 22. Bxd1 Qc7 23. Be2 Nh7 24. f4 Nd7 25. e5 g5 26. Qe4 a5 27. Bc4 Nb6 28. Bxb6 Qxb6+ 29. Kh1 Qc7 30. Rf1 Qe7 31. Nd4 Nf6 32. Qf5 Rxd4 33. exf6 Qxf6 34. Qc8+ Bf8 35. fxg5 Qe7 36. b3 b5 37. axb5 cxb5 38. Bxb5 Qxg5 39. Bc4 Rf4 40. Re1 Rf2 41. Qa8 Kh7 42. Qe4+ g6 43. h4 Qf6 44. g3 Bd6 45. Re3 Bb4 46. Qe5 Qb6 47. h5 Bd6 48. hxg6+ fxg6 49. Qe6 Qd4 50. Kg1 Rf5 51. Kg2 Bc5 0-1

[Event "RUS-ch (Women)"]
[Site "Elista"]
[Date "2003.05.24"]
[Round "7"]
[White "Kuzmina, Olga"]
[Black "Dorofeeva, Anna"]
[Result "0-1"]
[WhiteElo "2256"]
[BlackElo "2272"]
[PlyCount "62"]
[EventDate "2003.05.18"]
[EventType "swiss"]
[EventRounds "9"]
[EventCountry "RUS"]
[SourceTitle "CBM 094 Extra"]
[Source "ChessBase"]
[SourceDate "2003.07.09"]
[SourceVersion "2"]
[SourceVersionDate "2003.07.09"]
[SourceQuality "1"]

1. e4 c6 2. Nc3 d5 3. Nf3 Bg4 4. h3 Bh5 5. exd5 cxd5 6. Bb5+ Nc6 7. g4 Bg6 8. Ne5 Rc8 9. d4 e6 10. Qe2 Bb4 11. h4 Nge7 12. h5 Be4 13. 0-0 0-0 14. Bxc6 Nxc6 15. Nxc6 Rxc6 16. f3 Bxc3 17. bxc3 Rxc3 18. Bd2 Rxc2 19. fxe4 dxe4 20. Qe3 e5 21. d5 Qxd5 22. Bb4 Qe6 23. Rf5 Rd8 24. Qb3 Rc4 25. Raf1 Rd3 26. Qb2 g6 27. hxg6 hxg6 28. R5f2 Rg3+ 29. Kh1 e3 30. Re2 Qxg4 31. Rb1 Qf3+ 0-1

[Event "RUS-ch (Women)"]
[Site "Elista"]
[Date "2003.05.23"]
[Round "6"]
[White "Dorofeeva, Anna"]
[Black "Tomilova, Elena"]
[Result "1/2-1/2"]
[WhiteElo "2272"]
[BlackElo "2235"]
[PlyCount "57"]
[EventDate "2003.05.18"]
[EventType "swiss"]
[EventRounds "9"]
[EventCountry "RUS"]
[SourceTitle "CBM 094 Extra"]
[Source "ChessBase"]
[SourceDate "2003.07.09"]
[SourceVersion "2"]
[SourceVersionDate "2003.07.09"]
[SourceQuality "1"]

1. d4 d5 2. Nf3 e6 3. c4 c5 4. cxd5 exd5 5. Nc3 Nc6 6. g3 Nf6 7. Bg2 Be7 8. 0-0 0-0 9. Bg5 cxd4 10. Nxd4 h6 11. Be3 Re8 12. Qa4 Bd7 13. Rfd1 Na5 14. Qc2 Rc8 15. Nf5 Bf8 16. Bd4 Nc4 17. Ne3 Nxe3 18. Bxe3 Bg4 19. Qb3 Bc5 20. Bxc5 Rxc5 21. Qxb7 Bxe2 22. Rd2 Rc7 23. Qb4 Bc4 24. h3 Qc8 25. Kh2 Ne4 26. Nxe4 dxe4 27. Re1 Bd3 28. Qa4 Re6 29. b3 1/2-1/2

[Event "RUS-ch (Women)"]
[Site "Elista"]
[Date "2003.05.21"]
[Round "4"]
[White "Dorofeeva, Anna"]
[Black "Shadrina, Tatiana"]
[Result "1/2-1/2"]
[WhiteElo "2272"]
[BlackElo "2386"]
[PlyCount "120"]
[EventDate "2003.05.18"]
[EventType "swiss"]
[EventRounds "9"]
[EventCountry "RUS"]
[SourceTitle "CBM 094 Extra"]
[Source "ChessBase"]
[SourceDate "2003.07.09"]
[SourceVersion "2"]
[SourceVersionDate "2003.07.09"]
[SourceQuality "1"]

1. d4 Nf6 2. c4 e6 3. Nc3 Bb4 4. e3 c5 5. Nge2 cxd4 6. exd4 d5 7. a3 Be7 8. Nf4 0-0 9. cxd5 Nxd5 10. Ncxd5 exd5 11. Bd3 Bf6 12. 0-0 Nc6 13. Be3 g6 14. Rc1 Be6 15. b4 Qd6 16. Bb1 a5 17. b5 Ne7 18. a4 Rac8 19. Qd2 b6 20. Qb2 Nf5 21. Bxf5 Bxf5 22. Qb3 Be6 23. Nxe6 fxe6 24. g3 Qb4 25. Qd1 Kf7 26. Rb1 Qd6 27. Rc1 Rc4 28. Rxc4 dxc4 29. Qc2 Rc8 30. Rd1 Qd5 31. Qc3 e5 32. Rd2 exd4 33. Rxd4 Bxd4 34. Bxd4 Qe6 35. Qf3+ Ke8 36. h4 Qe1+ 37. Kh2 c3 38. Bg7 c2 39. Qf8+ Kd7 40. Qf7+ Kd6 41. Qf4+ Kd7 42. Qf7+ Qe7 43. Qd5+ Qd6 44. Qf7+ Qe7 45. Qd5+ Kc7 46. Qc6+ Kb8 47. Be5+ Rc7 48. Bf4 Kc8 49. Qa8+ Kd7 50. Qd5+ Ke8 51. Qg8+ Qf8 52. Qe6+ Re7 53. Qc8+ Kf7 54. Qxc2 Re6 55. Be3 Qd6 56. Qc4 Ke7 57. Qc8 Qd7 58. Bg5+ Kd6 59. Bf4+ Ke7 60. Bg5+ Kd6 1/2-1/2

[Event "RUS-ch (Women)"]
[Site "Elista"]
[Date "2003.05.19"]
[Round "2"]
[White "Dorofeeva, Anna"]
[Black "Chistiakova, Tamara"]
[Result "0-1"]
[WhiteElo "2272"]
[BlackElo "2341"]
[PlyCount "62"]
[EventDate "2003.05.18"]
[EventType "swiss"]
[EventRounds "9"]
[EventCountry "RUS"]
[SourceTitle "CBM 094 Extra"]
[Source "ChessBase"]
[SourceDate "2003.07.09"]
[SourceVersion "2"]
[SourceVersionDate "2003.07.09"]
[SourceQuality "1"]

1. d4 d5 2. c4 dxc4 3. e4 b5 4. a4 Bb7 5. axb5 Bxe4 6. Nc3 Bb7 7. Nf3 Nf6 8. Bxc4 e6 9. 0-0 Be7 10. Qe2 0-0 11. Be3 Nbd7 12. Ra2 Nb6 13. Bb3 c6 14. bxc6 Bxc6 15. Ne5 Bb7 16. Rfa1 a6 17. Nd3 Nbd5 18. Na4 Ne4 19. Nac5 Nxc5 20. Nxc5 Bxc5 21. dxc5 Nxe3 22. Qxe3 Qc7 23. Ra5 Rfd8 24. Bc2 Rd5 25. b4 Rad8 26. Re1 Rd4 27. Rb1 Rxb4 28. Rxb4 Qxa5 29. Rb1 Qa2 30. Qb3 Qxb3 31. Rxb3 Be4 0-1

[Event "RUS-chT (Women)"]
[Site "Samara"]
[Date "2003.??.??"]
[Round "5"]
[White "Dorofeeva, Anna"]
[Black "Kravtsova, Anastasia"]
[Result "1-0"]
[WhiteElo "2272"]
[BlackElo "2149"]
[PlyCount "55"]
[EventDate "2003.??.??"]
[EventType "team"]
[EventRounds "7"]
[EventCountry "RUS"]
[SourceTitle "EXT 2005"]
[Source "ChessBase"]
[SourceDate "2004.11.15"]
[SourceVersion "1"]
[SourceVersionDate "2004.11.15"]
[SourceQuality "1"]

1. d4 d5 2. c4 c6 3. Nf3 Nf6 4. Nc3 g6 5. Bf4 Bg7 6. e3 0-0 7. h3 Bf5 8. Be2 Nbd7 9. 0-0 h6 10. c5 Ne4 11. Nxe4 Bxe4 12. b4 Bxf3 13. Bxf3 e5 14. dxe5 Nxe5 15. Be2 a5 16. b5 Qe7 17. bxc6 bxc6 18. Qc2 Rfd8 19. Rab1 g5 20. Bg3 d4 21. exd4 Rxd4 22. Rfd1 Rxd1+ 23. Rxd1 Bf8 24. Qf5 Re8 25. Rd6 Bg7 26. Bh5 Qb7 27. Bxe5 Rxe5 28. Rd8+ 1-0

[Event "RUS-ch (Women) 52nd"]
[Site "Elista"]
[Date "2002.05.12"]
[Round "3"]
[White "Dorofeeva, Anna"]
[Black "Karnaukhova, Elmira"]
[Result "0-1"]
[WhiteElo "2304"]
[BlackElo "2033"]
[PlyCount "110"]
[EventDate "2002.05.10"]
[EventType "swiss"]
[EventRounds "9"]
[EventCountry "RUS"]
[SourceTitle "CBM 088 Extra"]
[Source "ChessBase"]
[SourceDate "2002.07.01"]
[SourceVersion "2"]
[SourceVersionDate "2002.07.01"]
[SourceQuality "1"]

1. d4 Nf6 2. c4 g6 3. Nf3 Bg7 4. g3 0-0 5. Bg2 d6 6. 0-0 Nbd7 7. Qc2 e5 8. Rd1 Re8 9. Nc3 a6 10. h3 Rb8 11. dxe5 dxe5 12. Rb1 b5 13. cxb5 axb5 14. b4 Qe7 15. e4 c6 16. Be3 Bb7 17. Nd2 Red8 18. a3 Ne8 19. Nb3 Nd6 20. Na5 Ba8 21. Rd2 Nf8 22. Rbd1 Ne6 23. Ne2 Qc7 24. f4 c5 25. f5 Nd4 26. Bxd4 exd4 27. Qxc5 Qxc5 28. bxc5 Nxe4 29. Bxe4 Bxe4 30. fxg6 d3 31. c6 Re8 32. gxf7+ Kxf7 33. Nc1 Bh6 34. Rf2+ Kg8 35. Rf6 Be3+ 36. Kf1 d2 37. Ncb3 Bd3+ 38. Kg2 Bc2 39. Rxd2 Bxb3 40. Rd7 Be6 41. Rd6 Bf7 42. Nb7 Bg5 43. Rf2 Be7 44. Rd4 Rbc8 45. Rg4+ Bg6 46. Na5 Bxa3 47. Rf5 Re2+ 48. Kf3 Rce8 49. Rxb5 R8e3+ 50. Kf4 Bd6+ 51. Kg5 Re5+ 52. Rxe5 Rxe5+ 53. Kf6 Rxa5 54. Ke6 Bc7 55. Kd7 Ra7 0-1

[Event "St Petersburg White Nights op1"]
[Site "St Petersburg"]
[Date "2002.??.??"]
[Round "9"]
[White "Dorofeeva, Anna"]
[Black "Vershinin, Igor"]
[Result "1-0"]
[WhiteElo "2311"]
[BlackElo "2229"]
[PlyCount "111"]
[EventDate "2002.??.??"]
[EventType "swiss"]
[EventRounds "9"]
[EventCountry "RUS"]
[SourceTitle "EXT 2003"]
[Source "ChessBase"]
[SourceDate "2002.11.25"]
[SourceVersion "1"]
[SourceVersionDate "2002.11.25"]
[SourceQuality "1"]

1. d4 d5 2. c4 e5 3. dxe5 d4 4. Nf3 Nc6 5. g3 Be6 6. Nbd2 Qd7 7. Bg2 Bh3 8. 0-0 Bxg2 9. Kxg2 0-0-0 10. Nb3 Qe6 11. Qd3 Nxe5 12. Nbxd4 Qf6 13. Qe4 Nxf3 14. Nxf3 Qe7 15. Qxe7 Bxe7 16. Ne5 Rf8 17. e4 Bd6 18. Nd3 Rd8 19. Rd1 Ne7 20. Be3 Nc6 21. f3 Rhe8 22. Kf2 Be7 23. Rd2 Bf6 24. Rad1 a6 25. b3 Bc3 26. Rc2 Ba5 27. Rcc1 Bb4 28. Nf4 Ba3 29. Rb1 Nb4 30. Nd5 Nc2 31. Bg5 Bc5+ 32. Kg2 f6 33. Bf4 Rd7 34. Rb2 Nb4 35. Rbd2 Rf7 36. Nxb4 Bxb4 37. Rd5 b6 38. g4 g6 39. Kg3 Bc5 40. h4 Ref8 41. h5 c6 42. hxg6 hxg6 43. R5d2 Rg8 44. Bd6 Be3 45. Rd3 Bh6 46. Bf4 Bxf4+ 47. Kxf4 f5 48. exf5 gxf5 49. g5 Kc7 50. Rg1 Rg6 51. Re3 b5 52. cxb5 axb5 53. Re5 Kb6 54. Rxf5 Rxf5+ 55. Kxf5 Rg7 56. Rg2 1-0

[Event "St Petersburg (Women)"]
[Site "St Petersburg"]
[Date "2001.??.??"]
[Round "7"]
[White "Rakitskaja, Mariya"]
[Black "Dorofeeva, Anna"]
[Result "0-1"]
[WhiteElo "2176"]
[BlackElo "2320"]
[PlyCount "82"]
[EventDate "2001.??.??"]
[EventType "tourn"]
[EventRounds "10"]
[EventCountry "RUS"]
[EventCategory "1"]
[SourceTitle "EXT 2002"]
[Source "ChessBase"]
[SourceDate "2001.11.25"]
[SourceVersion "1"]
[SourceVersionDate "2001.11.25"]
[SourceQuality "1"]

1. d4 d5 2. c4 e6 3. Nf3 Nf6 4. Nc3 Be7 5. Bg5 0-0 6. e3 h6 7. Bh4 b6 8. Bd3 Bb7 9. 0-0 Nbd7 10. Rc1 Ne4 11. Bg3 Nxg3 12. hxg3 c5 13. Qe2 Nf6 14. cxd5 exd5 15. Ba6 Qc8 16. Bxb7 Qxb7 17. dxc5 bxc5 18. b3 Rfd8 19. Rfd1 Rac8 20. Rc2 Bd6 21. Rcd2 Bc7 22. Na4 Ne4 23. Rc2 Ba5 24. Rdc1 Bb4 25. Ne5 Ba3 26. Rd1 Re8 27. Nd3 c4 28. bxc4 dxc4 29. Ndb2 c3 30. Nc4 Bb4 31. a3 Qb5 32. axb4 Qxa4 33. Rd4 Rcd8 34. Ra2 Qb5 35. Qd3 Rxd4 36. Qxd4 Qxb4 37. Ra1 c2 38. Rc1 Nc3 39. Qd3 Qb1 40. Qxc3 Qxc1+ 41. Kh2 Qd1 0-1

[Event "Olympiad Women-33"]
[Site "Elista"]
[Date "1998.10.09"]
[Round "10"]
[White "Cmilyte, Viktorija"]
[Black "Dorofeeva, Anna"]
[Result "1/2-1/2"]
[WhiteElo "2210"]
[BlackElo "2360"]
[PlyCount "192"]
[EventDate "1998.09.29"]
[EventType "team-swiss"]
[EventRounds "13"]
[EventCountry "RUS"]
[SourceTitle "CBM 066 Extra"]
[Source "ChessBase"]
[SourceDate "1998.11.06"]
[SourceVersion "1"]
[SourceVersionDate "1998.11.06"]
[SourceQuality "1"]

1. d4 d5 2. c4 e6 3. Nc3 Nf6 4. cxd5 exd5 5. Bg5 Be7 6. e3 Nbd7 7. Bd3 0-0 8. Nge2 h6 9. Bh4 b6 10. Qc2 Bb7 11. 0-0 c5 12. Rad1 c4 13. Bf5 a6 14. f3 b5 15. a3 Re8 16. Rde1 Nf8 17. Qd2 Qb6 18. Bf2 a5 19. e4 b4 20. axb4 axb4 21. Nxd5 Nxd5 22. exd5 Bg5 23. Qc2 Bxd5 24. Be4 Qb5 25. h4 Bf6 26. Nf4 Bc6 27. Rc1 Ra6 28. Rfe1 g5 29. Nh5 Bxe4 30. fxe4 Rc8 31. e5 Be7 32. Ng3 Ne6 33. Nf5 Bf8 34. Qe4 Nf4 35. Re3 Qd5 36. Qxd5 Nxd5 37. Rg3 Nf4 38. Kf1 f6 39. hxg5 hxg5 40. Ne3 c3 41. bxc3 bxc3 42. Be1 Be7 43. Nf5 Nd5 44. Nxe7+ Nxe7 45. exf6 Rxf6+ 46. Ke2 Rf5 47. Rcxc3 Rxc3 48. Bxc3 Kf7 49. Kd3 Nd5 50. Bd2 Kf6 51. Ke4 Ne7 52. Rb3 Rf2 53. Rf3+ Rxf3 54. Kxf3 Kf5 55. g4+ Kg6 56. Ke4 Ng8 57. Bb4 Nf6+ 58. Kf3 Kf7 59. Bd2 Kg6 60. Ba5 Ng8 61. Bd8 Nh6 62. Be7 Nf7 63. Bf8 Kf6 64. Ke4 Nh8 65. d5 Nf7 66. Kd4 Nd8 67. Ba3 Nf7 68. Bb2 Nh6 69. Kc5+ Ke7 70. Kc6 Nf7 71. Kc7 Nh6 72. d6+ Ke6 73. Kc6 Nf7 74. d7 Nd8+ 75. Kc7 Nf7 76. Bc1 Ke5 77. Kc6 Nd8+ 78. Kc5 Ne6+ 79. Kc6 Nd8+ 80. Kc7 Nf7 81. Kc8 Ke4 82. Bxg5 Kf3 83. Bd2 Kxg4 84. Kc7 Kf5 85. Be1 Ke6 86. Bh4 Ke5 87. Be7 Ke6 88. Bd6 Kf6 89. Kc6 Ke6 90. Bf4 Ke7 91. Kc7 Ke6 92. Bg5 Ke5 93. Bh6 Ke6 94. Bf8 Ke5 95. Be7 Ke6 96. Bh4 Ke5 1/2-1/2

[Event "Olympiad Women-33"]
[Site "Elista"]
[Date "1998.10.02"]
[Round "4"]
[White "Hunt, Harriet"]
[Black "Dorofeeva, Anna"]
[Result "1-0"]
[WhiteElo "2400"]
[BlackElo "2360"]
[PlyCount "79"]
[EventDate "1998.09.29"]
[EventType "team-swiss"]
[EventRounds "13"]
[EventCountry "RUS"]
[SourceTitle "CBM 066 Extra"]
[Source "ChessBase"]
[SourceDate "1998.11.06"]
[SourceVersion "1"]
[SourceVersionDate "1998.11.06"]
[SourceQuality "1"]

1. e4 c5 2. Nf3 e6 3. d4 cxd4 4. Nxd4 a6 5. Bd3 Nc6 6. Nxc6 bxc6 7. 0-0 e5 8. f4 exf4 9. Bxf4 Bc5+ 10. Kh1 Ne7 11. Qh5 d6 12. e5 d5 13. e6 Bxe6 14. Be5 g6 15. Qh6 Rg8 16. Nd2 Nf5 17. Qxh7 Kd7 18. Bxf5 gxf5 19. Nf3 Qe7 20. Qh6 Rg6 21. Qd2 Rag8 22. g3 f6 23. Bf4 Rg4 24. Nd4 Bf7 25. Rae1 Qd8 26. b4 Bf8 27. Qd3 Rxf4 28. Rxf4 Bd6 29. Rff1 Bg6 30. Qxa6 Qc7 31. b5 c5 32. b6 Qb8 33. Qb5+ Kc8 34. Qc6+ Kd8 35. Ne6+ Ke7 36. Nc7+ Be5 37. Qe6+ Kf8 38. Rxe5 fxe5 39. Rxf5+ Bxf5 40. Qf6# 1-0